00484nam#a2200169#i#4500001001400000005001700014100004100031101000800072102000700080200004900087210005200136215001100188608002000199675004800219700003000267856001700297EN\\book\505120260426130216.7##a20260415d2026####ek#y0engy0150####ca0#aRUS##aRU1#aRendering of Journalistic WritingseTextbook1#aMoscowcMGIMO University Publishing Housed2026##a77 с.##aTextbook2local##aАнглийский язык. 811.111zRUS#1aBankovgAndrey Sergeevich4#adom.mgimo.ru